000 01198nam0a22002891 4500
001 rc\771876
005 20151208125816.0
035 _a(NLR Aleph) 006298431
090 _a7225403
_c7225403
100 _a20040301d1984 u |0rusy50 ca
101 0 _arus
102 _aRU
105 _aa |||||||||
200 1 _aПоиск узких особенностей в спектрах эффективных масс двух и трех протонов методикой 2-метровой пропановой камеры
_fГ.Н. Агакишнев, А.П. Гаспарян, Р.А. Кватадзе
210 _aДубна
_cОИЯИ
_d1984
215 _a5 с.
_cграф.
_d21
225 1 _aСообщения Объединенного института ядерных исследований
_v1-84-103
320 _aБиблиогр.: с. 4-5 (27 назв.)
700 1 _aАгакишиев
_bГ. Н. оглы
_gГейдар Нусрат оглы
_3RU\NLR\AUTH\770152316
701 1 _aГаспарян
_bА. П.
701 1 _aКватадзе
_bР. А.
801 0 _aRU
_bNLR
_gpsbo
801 1 _aRU
_bELAR
_2rusmarc
852 _aNLR
_j84-6/5042
942 _cBOOK
980 _aNB